LIBRARY & INFORMATION CENTRE, KCAET, TAVANUR

ONLINE PUBLIC ACCESS CATALOGUE (OPAC)

Modern pottery manufacture / (Record no. 748)

MARC details
000 -LEADER
fixed length control field 00451cam a2200193ua 4500
041 ## - LANGUAGE CODE
Language code of text/sound track or separate title eng
082 ## - DEWEY DECIMAL CLASSIFICATION NUMBER
Classification number 663.3
Item number BOS/MO
100 ## - MAIN ENTRY--AUTHOR NAME
Personal name Bose, H.N .
245 ## - TITLE STATEMENT
Title Modern pottery manufacture /
250 ## - EDITION STATEMENT
Edition statement /
260 ## - PUBLICATION, DISTRIBUTION, ETC. (IMPRINT)
Place of publication :
Name of publisher Ceramic publishing house ,
Year of publication 1942.
300 ## - PHYSICAL DESCRIPTION
Number of Pages 482 ; .
942 ## - ADDED ENTRY ELEMENTS (KOHA)
Koha item type Books
Holdings
Withdrawn status Lost status Damaged status Home library Current library Date acquired Full call number Accession Number Koha item type
      KAUAET KAUAET 07/04/2012 663.3 9569 Books
      KAUAET KAUAET 07/04/2012 663.3 9574 Books
      KAUAET KAUAET 09/08/2018 663.3 BOS/MO 9573 Books
      KAUAET KAUAET 09/08/2018 663.3 BOS/MO 9571 Books
      KAUAET KAUAET 09/08/2018 663.3 BOS/MO 9570 Books
free website counter